| 000 | 01171nam a2200301 4500 | ||
|---|---|---|---|
| 001 | 0000017339 | ||
| 003 | CO-CtgCURN | ||
| 005 | 20250509231329.0 | ||
| 008 | 160627s2001 000 0 eng d | ||
| 020 | _a9586900681 | ||
| 040 |
_aCO-CtgCURN _bspa _ccoctgcurn |
||
| 082 | 0 |
_a342.06 _bM35c |
|
| 100 | 1 | _aMendoza Vergara , Luis Eduardo. | |
| 245 | 1 | 3 |
_aLa carrera administrativa y los regimenes especiales y especificos : _bcompilado, concordado y anotado / _cLuis Eduardo Mendoza Vergara. |
| 250 | _a4a ed. | ||
| 260 |
_aBogotá : _bLeyer, _c2001. |
||
| 300 | _a623 p. | ||
| 336 | _2rdacontent | ||
| 337 |
_2rdamedia _asin mediacion _bn |
||
| 338 |
_2rdacarrier _avolumen _bnc |
||
| 490 | 1 | _aColección códigos brevis | |
| 500 | _aIncluye indice. | ||
| 505 | 8 | _aCarrera administrativa general ley 443 de 1998.--Carrera administrativa definicion principios y campo de aplicacion.--Vinculacion a los empleos de carrera.--Proceso de selección o concursos.--Registro publico de la carrera | |
| 650 | 0 | _aLey 443 de 1998. | |
| 908 | _a160627 | ||
| 942 |
_cBK _h342.06 _iM35c _2ddc _n0 |
||
| 999 |
_c2653 _d2653 |
||